000 00766nmc a2200277 a 4500
003 AR-BaBNM
005 20251128205814.0
008 011101s1998 ||||||||||||||000 | spa||
020 _a950-506-297-4
040 _cAR-BaBNM
100 1 _aLo Celso, Alicia
245 1 0 _aEl jardín de infantes, ¿cambia?
_blos CBC en el nivel inicial
250 _a1ª ed.
260 _aBuenos Aires
_bEdicial
_c1998
300 _a96 p.
_bgráfs.
490 0 _aReferencias pedagógicas
504 _aBibliografía: p. 91-93
650 4 _aROL DEL DOCENTE
650 4 _aAPRENDIZAJE PREESCOLAR
653 _aEDUCACION INICIAL
653 _aCONTENIDOS BASICOS COMUNES
653 _aTEMAS TRANSVERSALES
653 _aMETODOS EDUCATIVOS
942 _cBK
998 _carturo
999 _c12880
_d12880